صور ملهمة من واقع المجتمع العربي / (Record no. 13944)
[ view plain ]
| 000 -LEADER | |
|---|---|
| fixed length control field | 00889nam a22002057a 4500 |
| 008 - FIXED-LENGTH DATA ELEMENTS--GENERAL INFORMATION | |
| fixed length control field | 100427t xxu||||| |||| 00| 0 eng d |
| 082 ## - DEWEY DECIMAL CLASSIFICATION NUMBER | |
| Edition number | 22 |
| Classification number | 320.54 |
| Item number | ع و ن |
| 100 ## - MAIN ENTRY--PERSONAL NAME | |
| 9 (RLIN) | 13712 |
| Personal name | عون، حسن |
| 245 ## - TITLE STATEMENT | |
| Title | صور ملهمة من واقع المجتمع العربي / |
| Statement of responsibility, etc | حسن عون . |
| 250 ## - EDITION STATEMENT | |
| Edition statement | ط2. |
| 260 ## - PUBLICATION, DISTRIBUTION, ETC. (IMPRINT) | |
| Place of publication, distribution, etc | القاهرة : |
| Name of publisher, distributor, etc | دار المعارف ، |
| Date of publication, distribution, etc | 1967. |
| 300 ## - PHYSICAL DESCRIPTION | |
| Extent | 328 ص : |
| Dimensions | 24 سم. |
| 504 ## - BIBLIOGRAPHY, ETC. NOTE | |
| Bibliography, etc | يحتوي علي ارجاعات ببليوجرافية |
| 650 ## - SUBJECT ADDED ENTRY--TOPICAL TERM | |
| 9 (RLIN) | 13384 |
| Topical term or geographic name as entry element | القومية العربية |
| 650 ## - SUBJECT ADDED ENTRY--TOPICAL TERM | |
| 9 (RLIN) | 16855 |
| Topical term or geographic name as entry element | الإسلام و اليهودية |
| 650 ## - SUBJECT ADDED ENTRY--TOPICAL TERM | |
| 9 (RLIN) | 17579 |
| Topical term or geographic name as entry element | الدولة الأموية |
| 650 ## - SUBJECT ADDED ENTRY--TOPICAL TERM | |
| 9 (RLIN) | 8792 |
| Topical term or geographic name as entry element | الحضارة العربية |
| 942 ## - ADDED ENTRY ELEMENTS (KOHA) | |
| Source of classification or shelving scheme | Dewey Decimal Classification |
| Item type | Book - Borrowing |
| Withdrawn status | Item status | Source of classification or shelving scheme | Damaged status | Not for loan | Vendor | Home library | Current library | Shelving location | Date acquired | Source of acquisition | Total Checkouts | Full call number | Barcode | Date last seen | Koha item type |
|---|---|---|---|---|---|---|---|---|---|---|---|---|---|---|---|
| Dewey Decimal Classification | Alef-Baa | Central Library | Central Library | First floor | 27/04/2010 | 320.54 ع و ن | 000020696 | 15/07/2025 | Book - Borrowing |